[Event "Cappelle op 27th"]
[Site "Cappelle la Grande"]
[Date "2011.02.27"]
[Round "2"]
[White "Foisor, Ovidiu Doru"]
[Black "Przymusinski, Nicolas"]
[Result "1/2-1/2"]
[WhiteElo "2397"]
[BlackElo "2162"]
[PlyCount "110"]
[EventDate "2011.02.26"]
[EventType "swiss"]
[EventRounds "9"]
[EventCountry "FRA"]
[SourceTitle "CBM 141 Extra"]
[Source "ChessBase"]
[SourceDate "2011.05.03"]
[SourceVersion "1"]
[SourceVersionDate "2011.05.03"]
[SourceQuality "1"]

1. d4 d6 2. Nf3 Bg4 3. c4 Nd7 4. Qb3 Rb8 5. g3 Ngf6 6. Bg2 c5 7. Be3 g6 8. 0-0 cxd4 9. Bxd4 a6 10. Nc3 Bg7 11. h3 Bxf3 12. Bxf3 Nc5 13. Bxc5 dxc5 14. Rad1 Qa5 15. Qa4+ Qxa4 16. Nxa4 b6 17. Bc6+ Kf8 18. Nxb6 e6 19. Na4 Ke7 20. b3 Rhc8 21. Bg2 Nd7 22. Rd3 Nb6 23. Nxb6 Rxb6 24. Rfd1 Rc7 25. Rd8 a5 26. Ra8 Bc3 27. Rd3 Bb4 28. f4 Rd6 29. Rxd6 Kxd6 30. Ra6+ Ke7 31. Bc6 h5 32. Kf2 Kf6 33. Kf3 Rc8 34. g4 hxg4+ 35. hxg4 g5 36. f5 Ke5 37. Bd7 Rf8 38. e3 exf5 39. Bxf5 Rd8 40. a3 Bxa3 41. Rxa5 Bb4 42. Ra7 Kf6 43. Be4 Re8 44. Bd5 Re7 45. Ra6+ Kg7 46. Ke2 Bc3 47. Kd3 Bb4 48. Ra2 Be1 49. Ra1 Bb4 50. Ra6 Be1 51. Be4 Bb4 52. Bf5 Be1 53. Rc6 Bb4 54. Rb6 Ba3 55. Ra6 Bb4 1/2-1/2

[Event "FRA-chT1 1011"]
[Site "France"]
[Date "2010.11.14"]
[Round "3.2"]
[White "Przymusinski, Nicolas"]
[Black "Pinter, Jozsef"]
[Result "0-1"]
[WhiteElo "2176"]
[BlackElo "2517"]
[PlyCount "49"]
[EventDate "2010.10.17"]
[EventType "team-tourn"]
[EventRounds "11"]
[EventCountry "FRA"]
[SourceTitle "EXT 2012"]
[Source "ChessBase"]
[SourceDate "2011.11.24"]
[SourceVersion "1"]
[SourceVersionDate "2011.11.24"]
[SourceQuality "1"]

1. c4 Nf6 2. g3 c6 3. Bg2 d5 4. Nf3 dxc4 5. Qc2 Qd5 6. Na3 Be6 7. 0-0 Nbd7 8. b3 cxb3 9. axb3 Nb6 10. Rb1 g6 11. d3 Bg7 12. Nc4 Qd8 13. Na5 Bc8 14. b4 a6 15. Nd2 0-0 16. Ndb3 Ne8 17. d4 Nd6 18. e4 Nb5 19. Rd1 Na4 20. Rd3 f5 21. e5 Nb6 22. Bb2 Nd5 23. Qc4 e6 24. Nc5 Qe7 25. Bc1 0-1

[Event "Cappelle op 24th"]
[Site "Cappelle la Grande"]
[Date "2008.02.16"]
[Round "1"]
[White "Miedema, David"]
[Black "Przymusinski, Nicolas"]
[Result "1-0"]
[WhiteElo "2287"]
[BlackElo "2088"]
[PlyCount "55"]
[EventDate "2008.02.16"]
[EventType "swiss"]
[EventRounds "9"]
[EventCountry "FRA"]
[SourceTitle "CBM 122 Extra"]
[Source "ChessBase"]
[SourceDate "2008.03.04"]
[SourceVersion "1"]
[SourceVersionDate "2008.03.04"]
[SourceQuality "1"]

1. d4 Nf6 2. c4 c5 3. d5 b5 4. cxb5 a6 5. bxa6 g6 6. Nc3 Bxa6 7. Nf3 Bg7 8. e4 Bxf1 9. Kxf1 d6 10. g3 0-0 11. Kg2 Nbd7 12. Re1 Ra6 13. e5 dxe5 14. Nxe5 Nxe5 15. Rxe5 Rd6 16. Qf3 Nd7 17. Re2 Nb6 18. Bg5 Re8 19. Rae1 f6 20. Be3 Nxd5 21. Bxc5 Nxc3 22. Qxc3 Rd7 23. Qc4+ Kh8 24. Re6 Qc7 25. b4 Bf8 26. Rxf6 exf6 27. Rxe8 Qc6+ 28. Kh3 1-0

[Event "Le Touquet op 22nd"]
[Site "Le Touquet"]
[Date "2007.10.29"]
[Round "4"]
[White "Przymusinski, Nicolas"]
[Black "Flom, Gabriel"]
[Result "0-1"]
[WhiteElo "2089"]
[BlackElo "2295"]
[PlyCount "66"]
[EventDate "2007.10.27"]
[EventType "swiss"]
[EventRounds "9"]
[EventCountry "FRA"]
[SourceTitle "EXT 2008"]
[Source "ChessBase"]
[SourceDate "2007.11.25"]
[SourceVersion "1"]
[SourceVersionDate "2007.11.25"]
[SourceQuality "1"]

1. c4 c6 2. e4 d5 3. exd5 cxd5 4. d4 Nf6 5. Nc3 Nc6 6. Bg5 Be6 7. Nf3 Qa5 8. Qb3 0-0-0 9. Be2 Bg4 10. Bxf6 exf6 11. cxd5 Bxf3 12. gxf3 Nxd4 13. Qc4+ Qc5 14. Qd3 Bd6 15. 0-0 Nxe2+ 16. Nxe2 Kb8 17. Rac1 Qb6 18. Rc3 Be5 19. Rb3 Qd6 20. f4 Bxf4 21. Nxf4 Qxf4 22. Qg3 Qxg3+ 23. Rxg3 g6 24. Re1 Rhe8 25. Rge3 Rxe3 26. Rxe3 Rd7 27. d6 b6 28. Kg2 Kb7 29. f4 Kc6 30. Kg3 Rxd6 31. Re7 Rd7 32. Re8 a5 33. h4 Rd3+ 0-1

[Event "Proville op 4th"]
[Site "Proville"]
[Date "2007.06.30"]
[Round "5"]
[White "Bianchi, Guillaume"]
[Black "Przymusinski, Nicolas"]
[Result "1-0"]
[WhiteElo "2132"]
[BlackElo "2067"]
[PlyCount "77"]
[EventDate "2007.06.29"]
[EventType "swiss"]
[EventRounds "7"]
[EventCountry "FRA"]
[SourceTitle "CBM 119 Extra"]
[Source "ChessBase"]
[SourceDate "2007.09.04"]
[SourceVersion "1"]
[SourceVersionDate "2007.09.04"]
[SourceQuality "1"]

1. e4 c5 2. Nf3 d6 3. c3 Nf6 4. h3 Nc6 5. Bd3 g6 6. Bc2 Bg7 7. 0-0 0-0 8. d4 cxd4 9. cxd4 d5 10. e5 Ne8 11. Nc3 Nc7 12. Be3 b5 13. Qd2 Rb8 14. Rfc1 Be6 15. Bd3 Qd7 16. Bh6 Rfc8 17. Ne2 b4 18. Rc5 Nd8 19. Ng3 Nb7 20. Rcc1 Na5 21. Qg5 f6 22. Qh4 Bf7 23. Re1 Ne6 24. Bxg7 Kxg7 25. Qg4 Kh8 26. Qh4 Qd8 27. exf6 exf6 28. Bxg6 Bxg6 29. Rxe6 Rc6 30. Rae1 Rxe6 31. Rxe6 Rb6 32. Re1 Nc4 33. b3 Nd6 34. Ne5 Kg7 35. Ng4 Nf7 36. f4 Qd7 37. f5 Bxf5 38. Nh5+ Kh8 39. Ngxf6 1-0

[Event "FRA-ch U20"]
[Site "Le Grand Bornand"]
[Date "2007.04.11"]
[Round "4"]
[White "Przymusinski, Nicolas"]
[Black "Le Goff, Damien"]
[Result "0-1"]
[WhiteElo "2067"]
[BlackElo "2279"]
[PlyCount "72"]
[EventDate "2007.04.07"]
[EventType "swiss"]
[EventRounds "9"]
[EventCountry "FRA"]
[SourceTitle "CBM 118 Extra"]
[Source "ChessBase"]
[SourceDate "2007.07.04"]
[SourceVersion "1"]
[SourceVersionDate "2007.07.04"]
[SourceQuality "1"]

1. e4 c5 2. Nf3 d6 3. d4 cxd4 4. Qxd4 a6 5. c4 Nc6 6. Qd2 Nf6 7. Nc3 Bg4 8. Be2 g6 9. b3 Bg7 10. Bb2 0-0 11. 0-0 Qa5 12. Rfd1 Rfc8 13. a3 Qd8 14. Rac1 Rab8 15. h3 Bxf3 16. Bxf3 b5 17. Nd5 Nxd5 18. Bxg7 Kxg7 19. cxd5 Ne5 20. Bg4 Rxc1 21. Rxc1 h5 22. Be2 Rc8 23. Rc3 Rxc3 24. Qxc3 Qb6 25. Kf1 Qc5 26. Qxc5 dxc5 27. f4 Nd7 28. Kf2 Kf6 29. Ke3 h4 30. e5+ Kg7 31. b4 c4 32. Kd4 e6 33. Bg4 f5 34. dxe6 Nb6 35. Kc5 fxg4 36. Kxb6 Kf8 0-1

[Event "FRA-ch U20"]
[Site "Le Grand Bornand"]
[Date "2007.04.10"]
[Round "3"]
[White "Przymusinski, Nicolas"]
[Black "Nass, Emile"]
[Result "1/2-1/2"]
[WhiteElo "2067"]
[BlackElo "2071"]
[PlyCount "65"]
[EventDate "2007.04.07"]
[EventType "swiss"]
[EventRounds "9"]
[EventCountry "FRA"]
[SourceTitle "CBM 118 Extra"]
[Source "ChessBase"]
[SourceDate "2007.07.04"]
[SourceVersion "1"]
[SourceVersionDate "2007.07.04"]
[SourceQuality "1"]

1. e4 e6 2. d4 d5 3. Nd2 Be7 4. Ngf3 Nf6 5. e5 Nfd7 6. Bd3 c5 7. c3 Nc6 8. 0-0 cxd4 9. cxd4 a5 10. Re1 Nb6 11. Nb1 Bd7 12. Nc3 a4 13. Be3 Nb4 14. Bf1 a3 15. bxa3 Rxa3 16. Qc1 Qa8 17. Bg5 Bxg5 18. Nxg5 h6 19. Nf3 Nc4 20. Nxd5 exd5 21. Bxc4 dxc4 22. Qxc4 Qa5 23. e6 Bc6 24. exf7+ Kd8 25. Qe6 Rxf3 26. Re5 Qa3 27. Qd6+ Kc8 28. gxf3 Qxf3 29. Re8+ Bxe8 30. fxe8Q+ Rxe8 31. Qxb4 Qg4+ 32. Kf1 Qh3+ 33. Kg1 1/2-1/2

[Event "Bethune op 27th"]
[Site "Bethune"]
[Date "2006.12.29"]
[Round "8"]
[White "Przymusinski, Nicolas"]
[Black "Jossien, Arnaud"]
[Result "1/2-1/2"]
[WhiteElo "2060"]
[BlackElo "2322"]
[PlyCount "30"]
[EventDate "2006.12.26"]
[EventType "swiss"]
[EventRounds "9"]
[EventCountry "FRA"]
[SourceTitle "CBM 116 Extra"]
[Source "ChessBase"]
[SourceDate "2007.03.07"]
[SourceVersion "1"]
[SourceVersionDate "2007.03.07"]
[SourceQuality "1"]

1. c4 d6 2. g3 e5 3. Bg2 Nc6 4. Nc3 g6 5. e4 Be6 6. d3 Bg7 7. Nge2 Qd7 8. 0-0 f5 9. Nd5 Nge7 10. Nxe7 Nxe7 11. exf5 gxf5 12. Bxb7 Rb8 13. Bg2 0-0 14. f4 exf4 15. Nxf4 Bd4+ 1/2-1/2

[Event "Bethune op 27th"]
[Site "Bethune"]
[Date "2006.12.28"]
[Round "5"]
[White "Przymusinski, Nicolas"]
[Black "Thorfinnsson, Bjorn"]
[Result "0-1"]
[WhiteElo "2060"]
[BlackElo "2317"]
[PlyCount "64"]
[EventDate "2006.12.26"]
[EventType "swiss"]
[EventRounds "9"]
[EventCountry "FRA"]
[SourceTitle "CBM 116 Extra"]
[Source "ChessBase"]
[SourceDate "2007.03.07"]
[SourceVersion "1"]
[SourceVersionDate "2007.03.07"]
[SourceQuality "1"]

1. c4 Nf6 2. g3 e6 3. Bg2 d5 4. Nf3 Be7 5. 0-0 0-0 6. Qc2 b6 7. b3 Bb7 8. Bb2 c5 9. d3 Nc6 10. Nbd2 d4 11. a3 Qd7 12. e4 dxe3 13. fxe3 Ng4 14. Rfe1 Bf6 15. Bxf6 Nxf6 16. Rad1 Rad8 17. Nb1 Qe7 18. Nc3 Rd7 19. Re2 Rfd8 20. Red2 Ng4 21. Re1 g6 22. Ne4 Nce5 23. Nxe5 Nxe5 24. Qc3 f6 25. d4 Bxe4 26. Bxe4 cxd4 27. exd4 Qxa3 28. d5 Qc5+ 29. Kh1 exd5 30. Bc2 d4 31. Qb2 Nf3 32. b4 Qg5 0-1

[Event "Fenain op 8th"]
[Site "Fenain "]
[Date "2006.02.12"]
[Round "3"]
[White "Przymusinski, Nicolas"]
[Black "Dal Borgo, Albin"]
[Result "0-1"]
[WhiteElo "1993"]
[BlackElo "2134"]
[PlyCount "56"]
[EventDate "2006.02.11"]
[EventType "swiss"]
[EventRounds "7"]
[EventCountry "FRA"]
[SourceTitle "EXT 2008"]
[Source "ChessBase"]
[SourceDate "2007.11.25"]
[SourceVersion "1"]
[SourceVersionDate "2007.11.25"]
[SourceQuality "1"]

1. e4 c5 2. Nf3 e6 3. d3 d5 4. Nbd2 Nf6 5. g3 Nc6 6. Bg2 Be7 7. 0-0 b6 8. Re1 Bb7 9. e5 Nd7 10. Nf1 h6 11. h4 Qc7 12. Bf4 0-0-0 13. c3 Rdg8 14. Qd2 Qd8 15. h5 g5 16. hxg6 Rxg6 17. Rab1 h5 18. b4 h4 19. bxc5 Nxc5 20. Nxh4 Bxh4 21. gxh4 Qxh4 22. Bg3 Qh7 23. d4 Ne4 24. Rxe4 dxe4 25. d5 Nxe5 26. Qd4 Rxg3 27. Nxg3 Nf3+ 28. Bxf3 exf3 0-1

[Event "FRA-ch op-B"]
[Site "Chartres"]
[Date "2005.08.19"]
[Round "4"]
[White "Przymusinski, Nicolas"]
[Black "Engel, Gerard"]
[Result "1-0"]
[WhiteElo "1984"]
[BlackElo "1822"]
[PlyCount "39"]
[EventDate "2005.08.15"]
[EventType "swiss"]
[EventRounds "11"]
[EventCountry "FRA"]
[SourceTitle "EXT 2006"]
[Source "ChessBase"]
[SourceDate "2005.11.24"]
[SourceVersion "1"]
[SourceVersionDate "2005.11.24"]
[SourceQuality "1"]

1. c4 Nf6 2. g3 g6 3. Bg2 Bg7 4. Nc3 Nc6 5. e4 e5 6. Nge2 0-0 7. 0-0 d6 8. d3 Ne8 9. Be3 f5 10. f4 Nf6 11. h3 fxe4 12. dxe4 Nh5 13. f5 b6 14. Qd5+ Kh8 15. Qxc6 Bd7 16. Qd5 gxf5 17. exf5 Bxf5 18. Rxf5 Rxf5 19. Qxa8 Qxa8 20. Bxa8 1-0

[Event "FRA-ch du Nord"]
[Site "France"]
[Date "2003.04.13"]
[Round "2"]
[White "Przymusinski, Nicolas"]
[Black "Bocquet, David"]
[Result "1/2-1/2"]
[WhiteElo "1580"]
[BlackElo "1600"]
[PlyCount "57"]
[EventDate "2003.04.12"]
[EventType "swiss"]
[EventRounds "7"]
[EventCountry "FRA"]
[SourceTitle "EXT 2008"]
[Source "ChessBase"]
[SourceDate "2007.11.25"]
[SourceVersion "1"]
[SourceVersionDate "2007.11.25"]
[SourceQuality "1"]

1. e4 c5 2. Nf3 e6 3. d4 cxd4 4. Nxd4 a6 5. Be3 Qc7 6. Be2 Nf6 7. f3 Bc5 8. Nc3 0-0 9. Qd2 b5 10. g4 Bb7 11. 0-0-0 Rc8 12. h4 Bb4 13. h5 Bxc3 14. bxc3 Qxc3 15. Qxc3 Rxc3 16. Bf2 e5 17. Nf5 Nxe4 18. fxe4 Bxe4 19. Bd3 Bxh1 20. Rxh1 g6 21. Ne7+ Kf8 22. hxg6 hxg6 23. Be4 Kxe7 24. Bxa8 Nc6 25. Re1 Nb4 26. Rxe5+ Kd6 27. Re2 Rc4 28. Bg3+ Kc5 29. Bf2+ 1/2-1/2